| 000 | 00602nam a2200169Ia 4500 | ||
|---|---|---|---|
| 003 | GCL | ||
| 008 | 140319s9999 xx 000 0 ara d | ||
| 040 |
_aGCL / _cGCL |
||
| 082 | 0 | 4 |
_a230 _bى ا |
| 100 | 1 | _aالنووى، يحيى بن شرف بن مرى الدمشقى، 1233-1278 م | |
| 245 | 1 | 0 |
_aالاربعين حديثا النووية / _cالنووى، يحيى بن شرف بن مرى الدمشقى، 1233-1278 م |
| 260 |
_a[S.N] : _bمكتبة التراث الاسلامى ، _c1988 |
||
| 300 | _a52 ص | ||
| 490 | _a | ||
| 650 | 0 | 4 | _aالاحاديث النبوية |
| 942 |
_2ddc _cBK |
||
| 999 |
_c52568 _d52568 |
||